000 00342nam a2200133Ia 4500
005 20260328104257.0
008 260328s9999||||xx |||||||||||||| ||und||
100 _aNottoli, Hernan
245 0 _aFĂ­sica Aplicada a la Arquitectura /
_cHernan Nottoli
260 _bNobuko
300 _a331 p.
650 _aMEDIDAS Y DIMENSIONES
942 _cBK
999 _c10456
_d10456